|
|
|
|
| LEADER |
01277nam a2200277 a 4500 |
| 008 |
090709s1991 enk b 001 0 eng d |
| 010 |
|
|
|a 33050331
|
| 020 |
|
|
|a 0333581644
|
| 020 |
|
|
|a 0330503316
|
| 082 |
0 |
0 |
|a 822.914
|2 20
|
| 100 |
1 |
|
|a Jenkins, John P.
|
| 245 |
1 |
4 |
|a Brodie's notes on Harold Pinter's The birthday party, The caretaker and The homecoming /
|c John Jenkins, general editor : Graham Handely.
|
| 260 |
|
|
|a London, :
|b Pan Books ;
|b Macmillan,
|c 1991
|
| 300 |
|
|
|a vi, 122 p. :
|c 20 cm.
|
| 490 |
1 |
|
|a Brodie's Notes.
|
| 500 |
|
|
|a Cover title: Three plays.
|
| 541 |
1 |
|
|e 00013581
|
| 650 |
|
0 |
|a Pinter, Harold, .
|d 1930-
|x Criticism and interpretation
|
| 650 |
|
0 |
|a Pinter, Harold, .
|d 1930-
|x The birthday party
|
| 650 |
|
0 |
|a Pinter, Harold, .
|d 1930-
|x caretaker
|
| 650 |
|
0 |
|a Pinter, Harold, .
|d 1930-
|x The homecoming
|
| 700 |
1 |
|
|a Handely,Graham.
|
| 852 |
4 |
|
|a Ayesha Abed Library
|j General shelf
|
| 999 |
|
|
|c 2265
|d 2265
|
| 952 |
|
|
|0 0
|1 0
|2 ddc
|4 1
|6 822_914000000000000_JEN
|7 0
|9 2089
|a BRACUL
|b BRACUL
|c SPS
|d 2009-07-12
|g 50.00
|l 2
|m 2
|o 822.914 JEN
|p 3010013581
|r 2018-10-07
|s 2018-02-20
|t 1
|w 2009-07-12
|y BK
|
| 952 |
|
|
|0 0
|1 0
|2 ddc
|4 1
|6 822_914000000000000_JEN
|7 0
|9 13862
|a BRACUL
|b BRACUL
|c SPS
|d 2011-01-15
|g 50.00
|l 0
|o 822.914 JEN
|p 3010013582
|r 2011-01-15
|t 2
|w 2011-01-15
|y BK
|